| 000 | 01071nam a2200313 i 4500 | ||
|---|---|---|---|
| 001 | bg | ||
| 003 | BPK | ||
| 005 | 20191213074547.0 | ||
| 008 | 080828s1998 pl f |000 0 pol | ||
| 015 | _aPB 26996/2008 | ||
| 020 | _a8371503458 | ||
| 040 |
_aWA N _cBPK |
||
| 041 | 1 |
_apol _heng |
|
| 080 | _a005.574 | ||
| 080 | _a(083.1) | ||
| 100 | 1 | _aChristopher, Elizabeth M. | |
| 245 | 1 | 0 |
_aUmiejętność negocjowania w biznesie / _cElizabeth M. Christopher ; przeł. Elżbieta Turlejska. |
| 246 | 1 |
_iTyt. oryg.: _aNegotiating skills for business, _f1996. |
|
| 260 |
_aPoznań : _bZysk i S-ka Wydawnictwo, _ccop. 1998. |
||
| 300 |
_a126, [2] s. ; _c19 cm. |
||
| 500 | _aU dołu okł.: sprawdź, jakim jesteś negocjatorem. | ||
| 504 | _aBibliogr. s. [128]. | ||
| 655 | 4 | _aPoradnik | |
| 650 | 4 | _aNegocjacje | |
| 700 | 1 |
_aTurlejska, Elżbieta. _eTł. |
|
| 710 | 2 |
_aZysk i S-ka Wydawnictwo _4pbl. |
|
| 942 |
_2UKD _cKS |
||
| 856 |
_uhttp://koha.tu.koszalin.pl/cgi-bin/koha/opac-detail.pl?biblionumber=41904 _yKatalog online BPK |
||
| 999 |
_c41904 _d41904 |
||